000 01023nam a2200217Ia 4500
999 _c38358
_d38358
001 4368
003 GE_BSU
005 20191004154256.0
008 181216s1985||||ge |||||||||||||| ||geo||
040 _cGE_BSU
041 _ageo
080 _a37.05.3+37.025.7 პ–38
245 _aპირველი კლასის მოსწავლის აზროვნების ფსიქოლოგიური თავისებურებები /
_bკოლექტიური მონოგრაფია.
264 _aთბ. :
_bმეცნიერება,
_c1985.
300 _a114 გვ. ;
_b22 სმ.
520 _aრეზ. რუს.
653 _aპედაგოგიკური ფსიქოლოგია
653 _aმოსწავლეთა აზროვნება
710 _aსაქ. სსრ მეცნ. აკადემია. დ. უზნაძის სახ.
_bფსიქოლოგიის ინ-ტი.
_94534
942 _cBK
_2udc